MotoGP host countries - Statistics

General Stats
  • This quiz has been taken 55 times
    54 since last reset
  • The average score is 24 of 30
Answer Stats
Year(s) Answer % Correct
1951–1955, 1961–2025 Spain
98%
1952–2019, 2021–2025 Germany
95%
1963–1967, 1987–2019, 2022–2024 Japan
95%
1964–1965, 1988–1991, 1993–1994, 2005–2019, 2021–2025 United States
95%
1951, 1953–1955, 1959–1967, 1969–1970, 1972–1992, 1994–2025 France
93%
1949–2025 Italy
93%
1961–1963, 1981–1982, 1987, 1994–1995, 1998–1999, 2014–2019, 2022–2023, 2025 Argentina
91%
1989–2019, 2022–2024 Australia
88%
1987–1989, 1992,1995–1997, 1999–2004 Brazil
88%
2005–2008 China
88%
1949–2017, 2019, 2021–2025 United Kingdom
88%
1971–1979, 1981–1991, 1993–1994, 1996–1997, 2016–2024 Austria
86%
2023 India
86%
1991–2019, 2022–2024 Malaysia
86%
1949–2019, 2021–2025 Netherlands
86%
2004–2025 Qatar
86%
2018–2019, 2022–2025 Thailand
86%
1996–1997, 2022–2024 Indonesia
84%
2000–2012, 2020–2024 Portugal
84%
1949–1986, 1988–1990 Belgium
79%
1967 Canada
79%
1990, 1992, 2025 Hungary
77%
1965–1982, 1987–1991, 1993–2020, 2025 Czech Republic
74%
1983–1985, 1992, 1999–2004 South Africa
74%
2005–2007 Turkey
72%
1958–1959, 1961, 1971–1979, 1981–1990 Sweden
67%
1962–1982 Finland
65%
1949–1954 Switzerland
63%
1969–1970, 1972–1990 Yugoslavia
40%
1977–1979 Venezuela
35%
No matching quizzes found
Score Distribution
Percent of People with Each Score
Percentile by Number Answered
Your Score History
You have not taken this quiz since the last reset